All Time Receiving Yard Leader for Each NFL Team - Statistics

General Stats
  • This quiz has been taken 6 times
  • The average score is 11 of 32
Answer Stats
Team Player # % Correct
San Francisco 49ers Jerry Rice 19,247
100%
Detroit Lions Calvin Johnson 11,619
75%
Arizona cardinals Larry Fitzgerald 17,492
75%
Indianapolis Colts Marvin Harrison 14,580
75%
Buffalo Bills Andre Reed 13,095
50%
Los Angeles Chargers Antonio Gates 11,841
50%
Washington Commanders Art Monk 12,026
50%
Minnesota Vikings Cris Carter 12,383
50%
Pittsburgh Steelers Hines Ward 12,083
50%
Dallas Cowboys Jason Witten 12,977
50%
Atlanta Falcons Julio Jones 12,896
50%
Tampa Bay Buccaneers Mike Evans 13,052
50%
Seattle Seahawks Steve Largent 13,089
50%
Kansas City Chiefs Travis Kelce 13,002
50%
New York Giants Amani Toomer 9,497
25%
Cincinnati Bengals Chad Ochocinco 10,783
25%
Green Bay Packers Donald Driver 10,137
25%
New York Jets Don Maynard 11,732
25%
Los Angeles Rams Isaac Bruce 14,109
25%
Jacksonville Jaguars Jimmy Smith 12,287
25%
Miami Dolphins Mark Duper 8,869
25%
New Orleans Saints Marques Colston 9,759
25%
Denver Broncos Rod Smith 11,389
25%
Carolina Panthers Steve Smith Sr 12,197
25%
Las Vegas Raiders Tim Brown 14,734
25%
Houston Texans Andre Johnson 13,597
0%
Tennessee Titans Ernest Givens 7,935
0%
Philadelphia Eagles Harold Carmichael 8,978
0%
Chicago Bears Johnny Morris 5,059
0%
Baltimore Ravens Mark Andrews 5,952
0%
Cleveland Browns Ozzie Newsome 7,980
0%
New England Patriots Stanley Morgan 10,352
0%
No matching quizzes found
Score Distribution
Percent of People with Each Score
Percentile by Number Answered
Your Score History
You have not taken this quiz